[Event "SZFO-ch"]
[Site "St Petersburg"]
[Date "2009.03.29"]
[Round "9"]
[White "Mikhailov, Stepan Fedorovich"]
[Black "Dementiev, Oleg I"]
[Result "1/2-1/2"]
[WhiteElo "2022"]
[BlackElo "1959"]
[PlyCount "39"]
[EventDate "2009.03.23"]
[EventType "swiss"]
[EventRounds "9"]
[EventCountry "RUS"]
[SourceTitle "EXT 2010"]
[Source "ChessBase"]
[SourceDate "2010.11.25"]
[SourceVersion "1"]
[SourceVersionDate "2010.11.25"]
[SourceQuality "1"]

1. e4 d5 2. exd5 Nf6 3. Nc3 Nxd5 4. Nxd5 Qxd5 5. Nf3 g6 6. d4 Bg7 7. Be2 0-0 8. Be3 Nd7 9. c3 e5 10. dxe5 Qxd1+ 11. Rxd1 Nxe5 12. Nxe5 Bxe5 13. Bh6 Bg7 14. Bxg7 Kxg7 15. h3 Be6 16. a3 Rad8 17. Rxd8 Rxd8 18. 0-0 c6 19. Rd1 Rxd1+ 20. Bxd1 1/2-1/2

[Event "SZFO-ch"]
[Site "St Petersburg"]
[Date "2009.03.28"]
[Round "8"]
[White "Neverov, Ivan"]
[Black "Mikhailov, Stepan Fedorovich"]
[Result "1/2-1/2"]
[WhiteElo "2123"]
[BlackElo "2022"]
[PlyCount "33"]
[EventDate "2009.03.23"]
[EventType "swiss"]
[EventRounds "9"]
[EventCountry "RUS"]
[SourceTitle "EXT 2010"]
[Source "ChessBase"]
[SourceDate "2010.11.25"]
[SourceVersion "1"]
[SourceVersionDate "2010.11.25"]
[SourceQuality "1"]

1. e4 c5 2. Nf3 Nc6 3. d4 cxd4 4. Nxd4 Nf6 5. Nc3 e5 6. Ndb5 d6 7. Bg5 Be7 8. Bxf6 gxf6 9. Nd5 0-0 10. Bd3 Be6 11. 0-0 Kh8 12. f4 exf4 13. Rxf4 Ne5 14. Rh4 f5 15. Nxe7 Qxe7 16. Qh5 f6 17. exf5 1/2-1/2

[Event "Northwest FR-ch"]
[Site "St Petersburg"]
[Date "2008.03.24"]
[Round "5"]
[White "Mikhailov, Stepan Fedorovich"]
[Black "Uliashov, Dmitriy"]
[Result "0-1"]
[WhiteElo "2000"]
[BlackElo "2256"]
[PlyCount "52"]
[EventDate "2008.03.21"]
[EventType "swiss"]
[EventRounds "9"]
[EventCountry "RUS"]
[SourceTitle "EXT 2022"]
[Source "ChessBase"]
[SourceDate "2021.10.06"]
[SourceVersion "1"]
[SourceVersionDate "2021.10.06"]
[SourceQuality "1"]

1. e4 c5 2. Nf3 d6 3. d4 cxd4 4. Nxd4 Nf6 5. Nc3 g6 6. f3 Bg7 7. Be3 0-0 8. Qd2 Nc6 9. Bc4 Bd7 10. 0-0-0 Qc7 11. Bb3 Ne5 12. Kb1 Nc4 13. Bxc4 Qxc4 14. h4 Rfc8 15. Bh6 Bh8 16. h5 b5 17. hxg6 fxg6 18. g4 b4 19. Nce2 a5 20. Ng3 a4 21. Bg5 b3 22. cxb3 axb3 23. Nxb3 Rxa2 24. Kxa2 Be6 25. Qa5 Qxb3+ 26. Kb1 Nxe4 0-1

[Event "Northwest FR-ch"]
[Site "St Petersburg"]
[Date "2008.03.23"]
[Round "3"]
[White "Mikhailov, Stepan Fedorovich"]
[Black "Suleymanyants, Odisey"]
[Result "1-0"]
[WhiteElo "2000"]
[BlackElo "2250"]
[PlyCount "115"]
[EventDate "2008.03.21"]
[EventType "swiss"]
[EventRounds "9"]
[EventCountry "RUS"]
[SourceTitle "EXT 2022"]
[Source "ChessBase"]
[SourceDate "2021.10.06"]
[SourceVersion "1"]
[SourceVersionDate "2021.10.06"]
[SourceQuality "1"]

1. e4 d6 2. d4 e5 3. dxe5 dxe5 4. Qxd8+ Kxd8 5. Nf3 Bd6 6. Bc4 Ke7 7. Nc3 c6 8. Be3 Nf6 9. 0-0-0 b5 10. Bxf7 b4 11. Na4 Nxe4 12. Bc4 Nd7 13. Rd3 Ndf6 14. Rhd1 Ng4 15. Rf1 Be6 16. Bxe6 Kxe6 17. h3 Ngf6 18. Rfd1 Nd5 19. Ng5+ Nxg5 20. Bxg5 Rhb8 21. c4 bxc3 22. Nxc3 Bc5 23. Be3 Nxe3 24. fxe3 Rb4 25. a3 Rc4 26. e4 Rf8 27. Rd7 Rf7 28. Rxf7 Kxf7 29. Rd7+ Kf6 30. Kc2 Rd4 31. Rc7 Rd6 32. Na4 Be3 33. Kc3 h5 34. b4 Bd2+ 35. Kb3 a5 36. Nc5 axb4 37. axb4 Bf4 38. Kc3 h4 39. Nb7 Rd2 40. Rxc6+ Kg5 41. Rc7 g6 42. b5 Rxg2 43. Nc5 Be3 44. b6 Bd4+ 45. Kc4 Rc2+ 46. Kd5 Bxc5 47. Rxc5 Rb2 48. Kc6 Kf4 49. b7 Rxb7 50. Kxb7 g5 51. Rc4 Kg3 52. Kc6 Kxh3 53. Kd5 g4 54. Kxe5 g3 55. Kf4 g2 56. Rc1 Kh2 57. e5 h3 58. Kg4 1-0

[Event "Northwest FR-ch"]
[Site "St Petersburg"]
[Date "2008.03.22"]
[Round "2"]
[White "Ponikarovsky, Alexey"]
[Black "Mikhailov, Stepan Fedorovich"]
[Result "1/2-1/2"]
[WhiteElo "2378"]
[BlackElo "2000"]
[PlyCount "38"]
[EventDate "2008.03.21"]
[EventType "swiss"]
[EventRounds "9"]
[EventCountry "RUS"]
[SourceTitle "EXT 2022"]
[Source "ChessBase"]
[SourceDate "2021.10.06"]
[SourceVersion "1"]
[SourceVersionDate "2021.10.06"]
[SourceQuality "1"]

1. d4 d5 2. Nf3 Nf6 3. Bf4 e6 4. e3 c5 5. c3 Nc6 6. Nbd2 cxd4 7. cxd4 Bd6 8. Bb5 Bxf4 9. exf4 Bd7 10. 0-0 0-0 11. Nb3 b6 12. Rc1 Ne7 13. Bd3 Rc8 14. Qe2 Rxc1 15. Rxc1 Qb8 16. Qe5 Nc6 17. Qxb8 Rxb8 18. Bb5 Rc8 19. Ne5 Nb8 1/2-1/2